000 00977nam a22003137a 4500
001 000021569
003 CHAP
005 20220329134435.0
008 971013s1976 r 00010 d
010 _a20526
011 _a21498
035 _a25588
040 _cCHAP
090 _aFolleto 5311
100 0 0 _aDoering, Otto C.
_933334
245 0 _aWhat is agricultural extensión?; how is et relevant to en energy extension sevice?
260 _aWest Lafayette, Ind. :
_bPurdue University. Agricultural Economics Department,
_c1976.
300 _a10 p.
590 _aBATCH-UPD
_b10
_c20130110
_lUCH01
_h0153
590 _aBATCH-UPD
_b10
_c20130110
_lUCH01
_h1916
590 _aBATCH-UPD
_b10
_c20130410
_lUCH01
_h1242
590 _aBATCH-UPD
_b10
_c20130914
_lUCH01
_h1216
590 _aCONVERSION
_b10
_c20130109
_lUCH01
_h1312
590 _aE11695DGD
_b10
_c20150515
_lUCH01
_h1355
650 1 4 _aExtensión agrícola.
_939144
901 _aBK
942 _cFOLL
942 _n0
999 _c20526
_d20526